Países começados por B - Statistics

Estatísticas Gerais
  • Esse quiz foi jogado 71 vezes
  • A pontuação média é 13 de 17
Estatísticas das Respostas
Resposta % Correto
Brasil
94%
Bélgica
92%
Bolívia
89%
Botswana
85%
Butão
83%
Bósnia e Herzegovina
79%
Bulgária
79%
Bahamas
77%
Belize
75%
Bielorrússia
75%
Burkina Faso
74%
Brunei
72%
Benim
70%
Burundi
70%
Bahrein
68%
Barbados
68%
Bangladesh
60%
Nenhum quiz correspondente encontrado
Distribuição das Pontuações
Porcentagem de Pessoas com Cada Pontuação
Percentil de Números Respondidos
Sua Pontuação Histórica
Você não jogou esse quiz